| 000 | 01242cam a2200313 a 4500 | ||
|---|---|---|---|
| 001 | 16818315 | ||
| 003 | ARRUPE | ||
| 005 | 20141204020005.0 | ||
| 008 | 110609s2011 ilu b 000 0 eng | ||
| 010 | _a 2011023863 | ||
| 020 | _a9780829436136 (pbk.) | ||
| 020 | _a0829436138 (pbk.) | ||
| 040 |
_aDLC _cDLC _dDLC |
||
| 042 | _apcc | ||
| 050 | 0 | 0 |
_aBX2179.L8 _bC43 2011 |
| 245 | 0 | 0 |
_aCharged with grandeur : _ba book of Ignatian inspiration / _cedited by Jim Manney. |
| 260 |
_aChicago : _bLoyola Press, _cc2011. |
||
| 300 |
_aviii, 191p. ; _c18 cm. |
||
| 504 | _aIncludes bibliographical references (p. 175-191). | ||
| 600 | 0 | 0 |
_aIgnatius, _cof Loyola, Saint, _d1491-1556. _tExercitia spiritualia. _911357 |
| 650 | 0 |
_aSpirituality _xCatholic Church. _911358 |
|
| 650 | 0 |
_aSpiritual exercises. _911359 |
|
| 700 | 1 |
_aManney, Jim. _911360 |
|
| 856 | 4 | 2 |
_3Contributor biographical information _uhttp://www.loc.gov/catdir/enhancements/fy1113/2011023863-b.html |
| 856 | 4 | 2 |
_3Publisher description _uhttp://www.loc.gov/catdir/enhancements/fy1113/2011023863-d.html |
| 906 |
_a7 _bcbc _corignew _d1 _eecip _f20 _gy-gencatlg |
||
| 942 |
_2lcc _cMONOGRAPH _02 |
||
| 999 |
_c120864 _d120864 |
||